007160000a220009700045001000021000002450074000213000031000955200397001266500038005237730057005611 aPatiño, Zaida.10aUna lectura sobre la formación científica en Colombia y México. ano.42 (dic.,2009), p.26-31 aLa reflexón que presentamos es un análisis parcial de la investigación doctoral titulada experiencias de formación científica con niños, niñas y jóvenes en Colombia y México. su intención es aportar elementos de análisis sobre la realidad educativa de estos paises, utilizando como pretexto dos programas de formación científica presentes en la educación básica.14aINFORMACION CIENTIFICA - COLOMBIA0 tRevista internacional magisterio : educación y ped